<?xml version="1.0" encoding="UTF-8"?>
<marc:record xmlns:marc="http://www.loc.gov/MARC21/slim">
   <marc:leader>00000nam a2200000 a 4500</marc:leader>
   <marc:datafield ind1="1" ind2=" " tag="100">
      <marc:subfield code="a">Moost, Nele</marc:subfield>
      <marc:subfield code="4">aut</marc:subfield>
      <marc:subfield code="e">Verfasser/-in</marc:subfield>
   </marc:datafield>
   <marc:datafield ind1="0" ind2="0" tag="245">
      <marc:subfield code="a">Welcher Po passt auf dieses Klo?</marc:subfield>
   </marc:datafield>
   <marc:datafield ind1="0" ind2="0" tag="245">
      <marc:subfield code="b">Ein Klipp-Klapp-Buch</marc:subfield>
   </marc:datafield>
   <marc:datafield ind1=" " ind2="1" tag="264">
      <marc:subfield code="b">Thienemann</marc:subfield>
      <marc:subfield code="c">2018</marc:subfield>
   </marc:datafield>
   <marc:datafield ind1="1" ind2=" " tag="520">
      <marc:subfield code="a">Ein rosa runder Schweinepo hockt prima auf nem Klo im Stroh. Ein Schwein, ein Zebra, ein Bär und sieben weitere Tiere zeigen, auf welches besondere Klo ihr Po am allerbesten passt. Und wer sitzt ganz zum Schluss auf dem Töpfchen? Natürlich das Kind – oder vielleicht doch mal ein Schwein, ein Zebra, ein Bär ... Durch die zweigeteilten Seiten lassen sich alle Pos und Klos fröhlich miteinander kombinieren!</marc:subfield>
   </marc:datafield>
   <marc:datafield ind1=" " ind2=" " tag="020">
      <marc:subfield code="a">9783480226085</marc:subfield>
      <marc:subfield code="9">9783480226085</marc:subfield>
   </marc:datafield>
</marc:record>
